Statistics for Charmed Actors and Characters

Click here to take the quiz!

General Stats

  • This quiz has been taken 36 times
  • The average score is 14 of 22

Answer Stats

ActorCharacter% Correct
Holly Marie
Combs
Piper Halliwell
100%
Shannen DohertyPrue Halliwell
100%
Alyssa MilanoPhoebe Halliwell
91%
Ted KingAndy Trudeau
82%
Drew FullerChris Halliwell
82%
Michael Bailey SmithCole Turner
82%
Julian McMahonCole Turner
82%
Dorian GregoryDarryl Morris
82%
Brian KrauseLeo Wyatt
82%
Jennifer RhodesPenny Halliwell
82%
Kaley CuocoBillie Jenkins
73%
Rose McGowanPaige Halliwell
73%
Finola HughesPatty Halliwell
73%
Nick LacheyLeslie St. Claire
55%
Greg VaughnDan Gordon
45%
Eric DaneJason Dean
45%
Jaime PresleyMylie
45%
James ReadVictor Halliwell
45%
Danielle Harris
(In 1 episode)
Aviva
36%
Rebecca BaldingElise Rothman
36%
Norman ReedusNate Parks
36%
Jason LewisDex Lawson
18%

Score Distribution

Percentile by Number Answered

Percent of People with Each Score

Your Score History

You have not taken this quiz